000 01268cad a22002175a 4500
001 L154107
008 111014s2011 xxk f 000 0 eng d
020 _a9781409830078
035 _a(Sirsi) u154107
041 0 _aeng
110 2 _aUnited Kingdom
_bDepartment for Communities and Local Government
_94939
245 0 0 _aReview of international research on structural robustness and disproportionate collapse
_h[electronic resource]
260 _aLondon
_bDCLG
_c2011
520 _aThis research report concludes an extensive international literature review into robustness and disproportionate collapse in structures undertaken on behalf of the Department for Communities and Local Government and the Centre for the Protection of National Infrastructure. The report aims to ascertain the state of knowledge in the subject and identify the gaps in that state of knowledge against which future research initiatives can be targeted.
590 _aKA NTK
651 4 _aInternational
690 _aBUILT ENVIRONMENT-BUILDING PATHOLOGY
710 1 _aCentre for the Protection of National Infrastructure
856 4 0 _uhttps://www.communities.gov.uk/documents/planningandbuilding/pdf/2001594.pdf
_zView the item free of charge at www.communities.gov.uk
942 _n0
999 _c112843
_d112843